000 01083nam0a22002771 4500
001 rc\4490780
005 20250612100531.0
021 _aRU
_b[60-63320]
035 _a(NLR Aleph) 008608320
090 _a8747687
_c8747687
100 _a20130416d1960 |||y0rusy50 ca
101 0 _arus
102 _aRU
105 _aa z |||||
200 1 _aСовхоз "Шаульдерский"
_fМ-во сел. хозяйства КазССР. Упр. с.-х. науки и пропаганды
210 _aАлма-Ата
_cБ. и.
_d1960
215 _a19 с.
_cил.
_d20
225 1 _aУчастники ВДНХ ССС
300 _aПеред загл. авт.: В. Конищев, дир. каракулеводческого совхоза "Шаульдерский". На обл. авт. не указан
606 _aКаракулеводческие совхозы
_yЮжно-Казахстанская область
_2psbo
700 1 _aКонищев
_bВ.
801 0 _aRU
_bNLR
_gpsbo
801 1 _aRU
_bELAR
_2rusmarc
852 _aNLR
_j60-4/11988
942 _cBOOK
980 _aNB